[Event "Dundee & Angus Major"]
[Site "Dundee"]
[Date "2016.10.09"]
[Round "5"]
[White "Clinton, William"]
[Black "Kosior, Pawel"]
[Result "1/2-1/2"]
[WhiteElo "1649"]
[BlackElo "1543"]
[PlyCount "59"]
[EventDate "2016.10.07"]
[EventType "swiss"]
[EventRounds "5"]
[EventCountry "SCO"]
[SourceTitle "EXT 2023"]
[Source "ChessBase"]
[SourceDate "2022.10.05"]
[SourceVersion "1"]
[SourceVersionDate "2022.10.05"]
[SourceQuality "1"]

1. e4 c5 2. Nc3 Nc6 3. f4 e5 4. Nf3 exf4 5. Bc4 d6 6. d3 g5 7. h4 Be7 8. hxg5 Bg4 9. Bxf4 Qa5 10. Qd2 Bxf3 11. gxf3 Nd4 12. Qf2 b5 13. Bd5 0-0-0 14. Be3 b4 15. Nd1 b3+ 16. Nc3 Nxc2+ 17. Ke2 Nxa1 18. Rxa1 f6 19. Be6+ Kb8 20. Bxb3 fxg5 21. Bd2 Rd7 22. Nd5 Qd8 23. Qe1 Nf6 24. Ba5 Qf8 25. Qc3 Nxd5 26. Bxd5 Qf6 27. Qb3+ Kc8 28. Qb5 Rc7 29. Qa6+ Kd8 30. Bxc7+ 1/2-1/2

[Event "Dundee & Angus Major"]
[Site "Dundee"]
[Date "2015.10.09"]
[Round "?"]
[White "Kosior, Pawel"]
[Black "Connolly Sams, Lukah"]
[Result "0-1"]
[WhiteElo "1500"]
[BlackElo "1345"]
[PlyCount "150"]
[EventDate "2015.10.09"]
[EventType "swiss"]
[EventRounds "5"]
[EventCountry "SCO"]
[SourceTitle "EXT 2023"]
[Source "ChessBase"]
[SourceDate "2022.10.05"]
[SourceVersion "1"]
[SourceVersionDate "2022.10.05"]
[SourceQuality "1"]

1. e4 e6 2. d4 d5 3. exd5 exd5 4. c4 dxc4 5. Bxc4 Nf6 6. Bg5 Be7 7. Nf3 0-0 8. Ne5 Bf5 9. 0-0 Bg6 10. Re1 Nbd7 11. Nxg6 hxg6 12. Qd3 Nb6 13. Bb3 Nfd5 14. Bxe7 Nxe7 15. Nc3 Qd7 16. Re4 Nf5 17. d5 Rfe8 18. Rae1 Rxe4 19. Qxe4 Nd6 20. Qh4 Nf5 21. Qg5 a5 22. g4 Nd4 23. Re7 Qd6 24. Ne4 Nf3+ 25. Kg2 Nxg5 26. Nxd6 cxd6 27. h4 Nh7 28. Rxb7 a4 29. Rxb6 axb3 30. axb3 Rd8 31. g5 f6 32. f4 Rd7 33. b4 Kf7 34. Kf3 Nf8 35. b5 Ke7 36. Ke4 f5+ 37. Kd4 Rd8 38. Rc6 Nd7 39. Rc7 Rb8 40. Kc4 Kd8 41. Rc6 Nb6+ 42. Kd4 Kd7 43. b3 Nxd5 44. Ra6 Nc7 45. Ra7 Rxb5 46. Kc4 Rc5+ 47. Kb4 Kc6 48. Ra1 Nd5+ 49. Ka4 Nxf4 50. b4 Rc4 51. Ka5 Nd5 52. b5+ Kc7 53. Re1 Rc3 54. b6+ Kb7 55. Re6 Rc5+ 56. Ka4 Nxb6+ 57. Ka3 Nc4+ 58. Ka4 Ne5 59. Rxd6 Rc4+ 60. Kb5 Rc6 61. Rd8 Nf3 62. Rh8 Nd4+ 63. Kb4 Nf3 64. Kb5 Rc8 65. Rh7 Rg8 66. Kc4 Kc6 67. Kd3 Ne5+ 68. Ke3 Nd7 69. h5 Nf8 70. hxg6 Nxh7 71. gxh7 Rh8 72. g6 Kd5 73. Kf4 Ke6 74. Kg5 f4 75. Kxf4 Kf6 0-1